00986ny a22002413n 450000500170000000800410001702200140005803500090007204000140008124500740009524600090016925600240017826000710020231000140027350601700028765000430045765000410050065000530054174000400059484300270063485300300066185600530069120240305165335.0021212c20032008us fx pss 0 a0eng c a1542-8710 a3204 aUCAdvLex30aJournal of academy of business and economicsh[Recurso electrónico] 3aJABE aServicio en línea aTurlock, Calif. :bInternational Academy of Business and Economics aSemestral1 aContenido solo disponible en los productos indicadosdvLex GlobaldvLex Global (Academic Edition, excluding Law Schools)dvLex Global (Academic Edition, Law Schools)04aEconomíaxPublicaciones periódicas04aNegociosxPublicaciones periódicas04aTeoría económicaxPublicaciones periódicas0 avLex Revista (Servicios en línea) aElectrónica. Abierta 81i(year)j(month)k(day)40uhttp://vlex.com/account/login_ip?fuente_id=3204